=LDR 00000nam 2200000 4500 =001 INLIS000000000047971 =005 20160315102709.0 =006 =007 =008 =035 ##$$0010-031600000000084 =040 ##$$a NBPDMAT =082 ##$$a 473 =090 ##$$a R.473 $bAlf l =100 ##$$a Alfred Sellner =245 ##$$a Latein im alltag / Alfred Sellner =260 ##$$a Germany $b VMA Verlag Wiesbaden $c 1980 =300 ##$$a 128 hlm. ; 18 cm =650 ##$$a Kamus Latin =850 ##$$a NBPDMAT =990 ##$$a 31500724 =990 ##$$a 31500724/BPAP-NTB/2016